Missing Word: 'J' Authors Quiz Stats

Quiz Updated Mar 19, 2016

Challenge
Share
Tweet
Embed
Score 0/20 Timer 03:00
0 Plays Today
Author Answer % Correct
_____ AustenJane
96.9%
_____ VerneJules
95.6%
James _____Joyce
93.7%
_____-Paul SartreJean
91%
Henry _____James
86.3%
_____ BlumeJudy
84.1%
_____ HellerJoseph
81%
Samuel _____Johnson
62.7%
Erica _____Jong
61%
Shirley _____Jackson
52.5%
Author Answer % Correct
Diana Wynne _____Jones
50.6%
_____ ArcherJeffrey
43.3%
Jerome K. _____Jerome
38.3%
_____ Luis BorgesJorge
36.9%
_____ GrimmJacob
35.4%
_____ SpyriJohanna
32.8%
Ben _____Jonson
26.3%
_____ Chandler HarrisJoel
23.5%
Brian _____Jacques
23.2%
_____ DíazJunot
17.9%

Today's Daily Dose

You're not logged in!

Compare scores with friends on all Sporcle quizzes.
Sign Up with Email
OR
Log In

You Might Also Like...

Show Comments

Extras

Top Quizzes Today


Score Distribution

Your Account Isn't Verified!

In order to create a playlist on Sporcle, you need to verify the email address you used during registration. Go to your Sporcle Settings to finish the process.